000 01196nas a2200337 4500
001 BR8201394
003 BR-BrBNA
005 20231205085057.0
007 ta
008 230509b bl.|||p| |||| 00| 00por d
040 _aBR-BrBNA
_bpor
_cBiblioteca Nacional de Agricultura
041 _a(Pt)
072 _aF60; S10
100 1 _aBattisti, C.R. de
100 1 _aCoelho, D.T.
100 1 _aTeles, F.F.F.
100 1 _aOliveira, L.M. de
100 1 _aSilveira, A.J. da
111 1 _a[Part of thesis]
245 1 _aDeterminacao do teor de carboibratos acidos digeriveis e cultivares de mandiocas (Manihot esculenta Crantz)e sacarificacao do amido extrusao
_bParte de tese
246 1 _a[Determination of the levels of acid digestible carbohydrate in cassava cultivars (Manihot esculenta Crantz)and starch saccharification by extrusion]
650 _aBioquimica vegetal
650 _aComposicao de alimento
650 _aMandioca
650 _aAmido
650 _aCarboidrato
650 _aAnalise quimica
773 0 _tRevista Ceres (Brazil)
_xISSN 0014-737X
_g(May 1981), v. 28(157) p. 318-322
_wBR8201394
909 _a202311
_bLúcia
_c55
_dLúcia Elande
942 _2AGRIS
_n0
_cANA
999 _c109065
_d109065